000
00285nam a22001337a 4500
008
181017b xxu||||| |||| 00| 0 eng d
020
_a
0716719401
041
_a
eng
080
_a
540
100
_a
12
101
_a
KIM
245
_a
General Chemistry
_c
Atkins,P.W
942
_2
udc
_c
BK
999
_c
50020
_d
50020